[Event "Husek Vienna Open 2014"]
[Site "Vienna AUT"]
[Date "2014.07.11"]
[Round "7.3"]
[White "Handler,L"]
[Black "Wukits,R"]
[Result "1/2-1/2"]
[WhiteElo "2379"]
[BlackElo "2287"]

1.d4 Nf6 2.c4 e6 3.Nf3 c5 4.d5 d6 5.Nc3 exd5 6.cxd5 g6 7.Bf4 a6 8.a4 Bg7
9.h3 O-O 10.e3 Re8 11.Nd2 Nbd7 12.Be2 Ne5 13.O-O Nfd7 14.Bh2 f5 15.e4 Nf6
16.Re1 g5 17.exf5 Bxf5 18.Bf1 g4 19.hxg4 Nexg4 20.Qf3 Qd7 21.Bg3 Nh5 22.Bh4 Qf7
23.Nc4 Qg6 24.Re6 Rxe6 25.dxe6 Qxe6 26.Nb6 Qe5 27.Qd5+ Qxd5 28.Ncxd5 Rf8
29.f3 Bd4+ 30.Kh1 Nf2+ 31.Bxf2 Bxf2 32.Ne7+ Kh8 33.Nxf5 Rxf5 34.g4 Rxf3 35.gxh5 Rb3
36.a5 Kg7 37.Bg2 Rxb2 38.Nc4 Rb4 39.Bd5 Kh6 40.Nxd6 Kxh5 41.Nxb7 Bd4 42.Rc1 Kg4
43.Nxc5 Rb5 44.Be6+ Kf3 45.Bd5+ Ke3 46.Bc6 Rxc5 47.Rxc5  1/2-1/2

[Event "Styrian Open 2014"]
[Site "Bad Gleichenberg AUT"]
[Date "2014.07.12"]
[Round "8.5"]
[White "Martinovic,Sa"]
[Black "Kokol,P"]
[Result "1-0"]
[WhiteElo "2544"]
[BlackElo "2259"]

1.d4 Nf6 2.c4 c5 3.d5 e6 4.Nc3 exd5 5.cxd5 d6 6.Nf3 g6 7.Bf4 a6 8.a4 Bg7
9.h3 O-O 10.e3 Nh5 11.Bh2 f5 12.Be2 f4 13.O-O fxe3 14.fxe3 Qe7 15.Qd3 Bh6
16.Ne4 Bf5 17.Nfd2 Nd7 18.Bxd6 Qxd6 19.Rxf5 Qe7 20.d6 Qe6 21.Rxf8+ Rxf8 22.Bg4 Qe8
23.Bxd7 Qxd7 24.Nxc5 Qf5 25.Nde4 b6 26.d7 Rd8 27.Rf1 Nf4 28.Qc4+ Kh8 29.exf4 bxc5
30.Nd6  1-0

[Event "XXIX Gniota Memorial Open"]
[Site "Police POL"]
[Date "2014.07.12"]
[Round "4.8"]
[White "Stremavicius,T"]
[Black "Smieszek,W"]
[Result "1-0"]
[WhiteElo "2325"]
[BlackElo "1943"]

1.d4 Nf6 2.c4 c5 3.d5 e6 4.Nc3 exd5 5.cxd5 d6 6.Nf3 g6 7.Nd2 Nbd7 8.e4 Bg7
9.Be2 O-O 10.O-O Re8 11.Re1 Ne5 12.f3 Nh5 13.Nf1 g5 14.Be3 Nf4 15.Ng3 h5
16.Bb5 Rf8 17.Bf1 h4 18.Nf5 Qf6 19.g3 hxg3 20.hxg3 Nfg6 21.f4 gxf4 22.gxf4 Bxf5
23.fxe5 Qxe5 24.exf5 Qg3+ 25.Bg2 Nh4 26.Qe2 Rae8 27.Qf2 Qg4 28.f6 Bxf6 29.Kh1 Nf5
30.Ne4 Bh4 31.Qf4 Nxe3 32.Qxe3 f5 33.Rg1 Kh7 34.Raf1 Qh5 35.Qh3 fxe4 36.Rxf8 Rxf8
37.Bxe4+ Kh8 38.Rg4 Rf1+ 39.Kg2 Rf2+ 40.Kg1 Rf4 41.Rxf4 Qd1+ 42.Qf1 Qd4+
43.Kh1  1-0

[Event "6th Rethymno Open 2014"]
[Site "Rethymno GRE"]
[Date "2014.07.12"]
[Round "1.4"]
[White "Fuss,Hubert"]
[Black "Kharitonov,Alexandr"]
[Result "0-1"]
[WhiteElo "1869"]
[BlackElo "2554"]

1.d4 Nf6 2.c4 c5 3.d5 e6 4.Nc3 exd5 5.cxd5 d6 6.Nf3 g6 7.e3 Bg7 8.Be2 O-O
9.O-O Re8 10.a4 Na6 11.Nd2 Nc7 12.Nc4 b6 13.f3 Ba6 14.e4 Rb8 15.Ne3 Bxe2
16.Qxe2 a6 17.Nc4 Nfxd5 18.Nxd5 Nxd5 19.Qd3 Bd4+ 20.Kh1 Nb4 21.Qb3 d5 22.exd5 Qxd5
23.Bf4 Rbc8 24.Ra3 Rc6 25.a5 b5 26.Nd2 Qxb3 27.Rxb3 Nd5  0-1

[Event "6th Rethymno Open 2014"]
[Site "Rethymno GRE"]
[Date "2014.07.12"]
[Round "1.7"]
[White "Rychagov,A"]
[Black "Tolias,Fotis"]
[Result "1-0"]
[WhiteElo "2543"]
[BlackElo "1833"]

1.d4 Nf6 2.Nf3 c5 3.d5 e6 4.c4 exd5 5.cxd5 d6 6.Nc3 g6 7.Bf4 a6 8.a4 Bg7
9.h3 Qe7 10.e3 Bf5 11.Nd2 O-O 12.Nc4 Rd8 13.Be2 Ne4 14.Nxe4 Qxe4 15.O-O Qe7
16.Qb3 Be5 17.Bxe5 dxe5 18.Rfd1 Bc8 19.Nb6 Ra7 20.Rac1 Qd6 21.Nc4 Qf6 22.a5 Nd7
23.Bg4 Qg5 24.e4 Nf6 25.Bxc8 Rxc8 26.Nb6 Rd8 27.Qd3 Nh5 28.Rxc5 Nf4 29.Qf3 Qe7
30.Rdc1 Rd6 31.Nc8  1-0

[Event "Styrian Open 2014"]
[Site "Bad Gleichenberg AUT"]
[Date "2014.07.13"]
[Round "9.5"]
[White "Popilski,G"]
[Black "Markoja,B"]
[Result "1-0"]
[WhiteElo "2500"]
[BlackElo "2189"]

1.d4 Nf6 2.c4 c5 3.d5 e6 4.Nc3 exd5 5.cxd5 d6 6.Nf3 g6 7.Bf4 a6 8.a4 Bg7
9.h3 O-O 10.e3 Re8 11.Nd2 Nbd7 12.Be2 Ne5 13.O-O Nfd7 14.Re1 f5 15.Bh2 b6
16.Rb1 Bb7 17.e4 Nf6 18.exf5 gxf5 19.Nf1 Rf8 20.Ne3 Ne4 21.Nxe4 fxe4 22.Bxe5 Bxe5
23.Bg4 Qg5 24.b4 Qf4 25.Be6+ Kh8 26.Ng4 c4 27.Qc2 Bg7 28.Rxe4 Qg5 29.Qxc4 b5
30.axb5 axb5 31.Qb3 h5 32.Nh2 Rac8 33.Nf3 Qg6 34.Bxc8 Bxc8 35.Rbe1  1-0

[Event "13th Condom WGM 2014"]
[Site "Condom FRA"]
[Date "2014.07.14"]
[Round "3.2"]
[White "Navrotescu,A"]
[Black "Benmesbah,N"]
[Result "0-1"]
[WhiteElo "2181"]
[BlackElo "2224"]

1.d4 Nf6 2.c4 c5 3.d5 e6 4.Nc3 exd5 5.cxd5 d6 6.Nf3 g6 7.Bf4 a6 8.a4 Bg7
9.h3 O-O 10.e3 Qe7 11.Be2 Nbd7 12.O-O Nh5 13.Bh2 f5 14.Nd2 Nhf6 15.Nc4 Ne8
16.Re1 b6 17.Qc1 Qf6 18.e4 f4 19.Bg4 Ne5 20.Nxb6 Bxg4 21.Nxa8 Bxh3 22.gxh3 Qh4
23.f3 Nxf3+ 24.Kh1 Nxh2 25.Re2 Ng4 26.Qf1 f3 27.Rd2 Bh6 28.Rc2 f2 29.Nd1 Qg3
30.hxg4 Qf3+  0-1

[Event "World Senior Teams 65+ 2014"]
[Site "Vilnius LTU"]
[Date "2014.07.14"]
[Round "2.3"]
[White "Dickhoff,R"]
[Black "Titz,Hei"]
[Result "1/2-1/2"]
[WhiteElo "2114"]
[BlackElo "2157"]

1.d4 Nf6 2.c4 e6 3.Nf3 c5 4.d5 exd5 5.cxd5 d6 6.Nc3 g6 7.Qa4+ Nbd7 8.Bf4 a6
9.e4 Nh5 10.Bg5 Be7 11.Bh6 Bf8 12.Bg5 Be7 13.Bh6 Bf8 14.Bg5 f6 15.Be3 Kf7
16.h3 Rb8 17.Qc2 b5 18.Be2 Be7 19.Nd2 Ng7 20.a4 b4 21.Nd1 Rf8 22.Bh6 Kg8
23.Ne3 Rf7 24.O-O Bf8 25.b3 Ne8 26.Bxf8 Rxf8 27.Bg4 Ng7 28.f4 Qe7 29.Rae1 Nb6
30.Bxc8 Rbxc8 31.Qd3 Qb7 32.Ndc4 Qc7 33.Re2 Rce8 34.Rfe1 Qd8 35.Nd2 Qa8 36.Ndc4 Qd8
37.Nd2 Qa8 38.Ndc4 Qd8  1/2-1/2

[Event "6th Rethymno Open 2014"]
[Site "Rethymno GRE"]
[Date "2014.07.15"]
[Round "5.10"]
[White "Antic,De"]
[Black "Bomans,A"]
[Result "1-0"]
[WhiteElo "2479"]
[BlackElo "2209"]

1.d4 Nf6 2.c4 c5 3.d5 e6 4.Nc3 exd5 5.cxd5 d6 6.Nf3 g6 7.g3 Bg7 8.Bg2 O-O
9.O-O Re8 10.Bf4 Ne4 11.Nxe4 Rxe4 12.Nd2 Rb4 13.a3 Rxf4 14.gxf4 Bxb2 15.Ra2 Bg7
16.e4 Qf6 17.Qf3 Bh6 18.e5 Qxf4 19.exd6 Bg4 20.Qb3 Nd7 21.Re1 Bf8 22.Re4 Qg5
23.Qg3 f5 24.h4 Qf6 25.Re6 Qd4 26.Nf3 Qd1+ 27.Re1 Qa4 28.Ng5 Nf6 29.Qc3 Qd4
30.Qxd4 cxd4 31.Re6 Ne8 32.d7 Ng7 33.d6 Rd8 34.Bd5 Nxe6 35.Nxe6 Rxd7 36.Nc5+ Rf7
37.d7 Be7 38.Nxb7 Bf3 39.Bxf3 Kg7 40.d8=Q Bxd8 41.Nxd8 Rd7 42.Ne6+  1-0

[Event "17th Olomouc Open 2014"]
[Site "Olomouc CZE"]
[Date "2014.08.01"]
[Round "2.9"]
[White "De Andres Gonalons,F"]
[Black "Constantinou,Pe"]
[Result "0-1"]
[WhiteElo "2013"]
[BlackElo "2285"]

1.d4 Nf6 2.c4 e6 3.Nf3 c5 4.d5 exd5 5.cxd5 d6 6.Nc3 g6 7.g3 Bg7 8.Bg2 O-O
9.O-O Re8 10.Bf4 Ne4 11.Nxe4 Rxe4 12.Nd2 Rb4 13.a3 Rxf4 14.gxf4 Bxb2 15.Ra2 Bg7
16.Re1 b5 17.Qb3 Ba6 18.Qg3 Nd7 19.e4 c4 20.e5 Nc5 21.Re3 Nd3 22.Nf3 Bb7
23.Nd4 dxe5 24.fxe5 Bxd5 25.Nc6 Bxc6 26.Bxc6 Rc8 27.Bxb5 Qd5 28.Ba6 Rb8 29.Ra1 Bxe5  0-1

[Event "17th Olomouc Open 2014"]
[Site "Olomouc CZE"]
[Date "2014.08.03"]
[Round "5.2"]
[White "Menezes,Chr"]
[Black "Simacek,P"]
[Result "1/2-1/2"]
[WhiteElo "2253"]
[BlackElo "2470"]

1.d4 Nf6 2.c4 c5 3.d5 e6 4.Nc3 exd5 5.cxd5 d6 6.Nf3 g6 7.Bf4 a6 8.a4 Bg7
9.h3 Qe7 10.e3 O-O 11.Be2 Nfd7 12.Nd2 Ne5 13.Bh2 f5 14.O-O Nbd7 15.Re1 Nf6
16.Bf1 Nh5 17.f4 Nf7 18.e4 Bd4+ 19.Kh1 Bf2 20.Re2 Ng3+ 21.Bxg3 Bxg3 22.exf5 Qd8
23.fxg6 hxg6 24.Re4 Bf5 25.Rc4 b5 26.axb5 axb5 27.Rxa8 Qxa8 28.Nxb5 Qxd5
29.Nc3 Qb7 30.Nde4 Bh4 31.Nxd6 Nxd6 32.Qxd6 Qxb2 33.Rxc5 Qa1 34.Rxf5 Qxf1+
35.Kh2 gxf5 36.Qg6+ Kh8 37.Qh6+ Kg8 38.Qg6+ Kh8 39.Qh6+ Kg8 40.Qxh4 Qd3 41.Qg5+ Kf7
42.Qh5+ Kg7 43.Qg5+ Kf7 44.Qg3 Qxg3+ 45.Kxg3 Rg8+ 46.Kf3 Rb8 47.Nd5 Ke6 48.Ne3 Rh8
49.Nd1 Kd5 50.Nf2 Ra8 51.g4 Ra3+ 52.Ke2 Kd4 53.gxf5 Re3+ 54.Kf1 Rf3  1/2-1/2

[Event "17th Olomouc Open 2014"]
[Site "Olomouc CZE"]
[Date "2014.08.04"]
[Round "6.13"]
[White "Zhylkaidarova,S"]
[Black "Dvorak,A"]
[Result "1/2-1/2"]
[WhiteElo "2069"]
[BlackElo "2157"]

1.d4 Nf6 2.c4 c5 3.d5 e6 4.Nc3 exd5 5.cxd5 d6 6.Nf3 g6 7.Bf4 Nh5 8.Bg5 f6
9.Bh4 Be7 10.e3 O-O 11.Be2 Bg4 12.Nd2 Bxe2 13.Qxe2 f5 14.Bxe7 Qxe7 15.O-O Nd7
16.Nc4 Ne5 17.Rfe1 Rae8 18.Rad1 Qf6 19.f3 Re7 20.Nd2 Nd7 21.Qb5 Ne5  1/2-1/2

[Event "7th Arad Open 2014"]
[Site "Arad ROU"]
[Date "2014.08.05"]
[Round "2.16"]
[White "Gledura,B"]
[Black "Gheorghiu,C"]
[Result "1/2-1/2"]
[WhiteElo "2407"]
[BlackElo "2047"]

1.d4 Nf6 2.c4 e6 3.Nf3 c5 4.d5 exd5 5.cxd5 d6 6.Nc3 g6 7.Bf4 a6 8.a4 Bg7
9.h3 O-O 10.e3 Re8 11.Nd2 Nbd7 12.Be2 Ne5 13.O-O Nfd7 14.Bh2 f5 15.e4 Nf6
16.f4 Nf7 17.exf5 gxf5 18.Bd3 b6 19.Qc2 Nh6 20.Nc4 Rb8 21.Kh1 b5 22.axb5 axb5
23.Na5 Bd7 24.Nc6 Bxc6 25.dxc6 b4 26.Bc4+ Kh8 27.Nd5 Nxd5 28.Bxd5 Qf6 29.Qa4 Rbc8
30.Rae1 Ng8 31.Rxe8 Rxe8 32.c7 Qe7 33.Bb7 Qxc7 34.Qxe8 Qxb7 35.b3 Qe7 36.Qb5 Qe6
37.Qd3 Nf6 38.Bg1 Ne4 39.Rd1 Bc3 40.Qc2 Ng3+ 41.Kh2 Ne4 42.Qa2 Kg7 43.Rd3 Qf7
44.Qa4 c4 45.bxc4 Qxc4 46.Qd7+ Kh6 47.Rd1 Qb3 48.Rd3 Qc4 49.Rf3 Qd5 50.Qe7 Bf6
51.Qf8+ Bg7 52.Qb8 Nd2 53.Rf2 b3 54.Rxd2 Qxd2 55.Qxb3 Qxf4+ 56.Kh1 Qe4 57.Qb8 Qe6
58.Bf2 Kg6 59.Qb1 Qe5 60.Qd3 Qa1+ 61.Bg1 Qe5 62.Bh2 Qa1+ 63.Bg1 Qe5 64.Bh2 Qa1+
65.Bg1 Be5 66.Qd5  1/2-1/2

[Event "7th Arad Open 2014"]
[Site "Arad ROU"]
[Date "2014.08.05"]
[Round "3.20"]
[White "Bunta,Andrei"]
[Black "Baratosi,D"]
[Result "0-1"]
[WhiteElo "2102"]
[BlackElo "2384"]

1.d4 Nf6 2.c4 c5 3.d5 e6 4.Nc3 exd5 5.cxd5 d6 6.Nf3 g6 7.Bf4 Bg7 8.Qa4+ Bd7
9.Qb3 Qc7 10.e4 Nh5 11.Be3 O-O 12.Nd2 Na6 13.Be2 b5 14.Bxb5 Rab8 15.a4 Nb4
16.O-O a6 17.Bxd7 Qxd7 18.Rab1 Nd3 19.Qc2 Nhf4 20.Kh1 f5 21.g3 Nb4 22.Qd1 Nfd3
23.Nc4 fxe4 24.Qe2 Rbe8 25.Bd2 Bd4 26.Ne3 Bg7 27.Nc4 Bd4 28.Ne3 Kh8 29.Kg2 Rf3
30.Nxe4 Nf4+ 31.gxf4 Qh3+ 32.Kh1 Rxe4 33.Bxb4 cxb4 34.Rg1 Rexf4 35.Rg3 Rf8
36.Rxf3 Rxf3 37.Rd1  0-1

[Event "7th Arad Open 2014"]
[Site "Arad ROU"]
[Date "2014.08.05"]
[Round "3.12"]
[White "Bida,M"]
[Black "Battaglini,G"]
[Result "1-0"]
[WhiteElo "2267"]
[BlackElo "2431"]

1.d4 Nf6 2.c4 c5 3.d5 e6 4.Nc3 exd5 5.cxd5 d6 6.Nf3 g6 7.Bf4 Bg7 8.Qa4+ Bd7
9.Qb3 b5 10.Bxd6 Qb6 11.Be5 O-O 12.e3 c4 13.Qd1 b4 14.Nb1 Bb5 15.a3 Nbd7
16.Bd4 Qb7 17.axb4 Nxd5 18.Na3 Bxd4 19.Qxd4 Nxb4 20.Bxc4 Nc6 21.Qc3 Bxc4
22.Nxc4 Nc5 23.O-O Ne4 24.Qc2 Rfe8 25.Na5 Nxa5 26.Rxa5 Rab8 27.Ra4 Qxb2 28.Qxb2 Rxb2
29.Rxa7 Reb8 30.Raa1 Nd2 31.Nxd2 Rxd2 32.g4 Rbb2 33.Rad1 Rdc2 34.Rd4 h6 35.Kg2 Kg7
36.Rf4 Re2 37.Rd1 Red2 38.Rxd2 Rxd2 39.Rd4 Ra2 40.Kg3 Ra7 41.h4 Ra1 42.Rd5 Ra3
43.Kf4 Ra2 44.f3 Rh2 45.h5 gxh5 46.Rxh5 Ra2 47.Rb5 Ra4+ 48.Kf5 Ra7 49.e4 Rc7
50.e5 Re7 51.f4 Re6 52.Rb7 Ra6 53.Rd7 Rb6 54.Ke4 Rb1 55.Ra7 Rb4+ 56.Kf5 Rb6
57.Rc7 Ra6 58.Re7 Kf8 59.Rd7 Kg7 60.Ke4 Ra1 61.f5 Re1+ 62.Kf4 Kg8 63.Rd8+ Kh7
64.Rf8 Rf1+ 65.Kg3 Kg7 66.Re8 Re1 67.Kf4 Rf1+ 68.Ke4 Ra1 69.f6+ Kh7 70.Rf8 Ra7
71.Kf5 Rb7 72.e6  1-0

[Event "VMCG Open A 2014"]
[Site "Lueneburg GER"]
[Date "2014.08.11"]
[Round "3.23"]
[White "Stull,N"]
[Black "Floren,Dieter"]
[Result "1-0"]
[WhiteElo "2056"]
[BlackElo "1756"]

1.d4 Nf6 2.Nf3 e6 3.c4 c5 4.d5 exd5 5.cxd5 d6 6.Nc3 g6 7.e4 a6 8.a4 Bg4 9.Be2 Bxf3
10.Bxf3 Bg7 11.Bf4 Qe7 12.O-O O-O 13.Qb3 Nbd7 14.a5 Ne5 15.Bxe5 Qxe5 16.Qc4 Nd7
17.Na4 Qe7 18.Rab1 Ne5 19.Qe2 Rfe8 20.Rfe1 f5 21.b4 Nxf3+ 22.Qxf3 fxe4 23.Qa3 Bd4
24.bxc5 dxc5 25.Qb3 Qf7 26.Re2 Rad8 27.Nb6 Rd6 28.Nc4 Rxd5 29.Qc2 Rf8 30.Ne3 Rd7
31.Qxe4 Re7 32.Qc2 Qe8 33.Rbe1 Re5 34.Ng4 Rxe2 35.Rxe2 Qf7 36.Nh6+  1-0

[Event "VMCG Open A 2014"]
[Site "Lueneburg GER"]
[Date "2014.08.14"]
[Round "6.24"]
[White "Van den Bersselaar,J"]
[Black "Floren,Dieter"]
[Result "1-0"]
[WhiteElo "2158"]
[BlackElo "1756"]

1.d4 Nf6 2.c4 c5 3.d5 e6 4.Nc3 exd5 5.cxd5 d6 6.Nf3 g6 7.Bf4 a6 8.a4 Qe7
9.h3 Bg7 10.e3 O-O 11.Be2 Nbd7 12.Nd2 b6 13.O-O Ne8 14.Re1 Nc7 15.Nc4 Ne5
16.Nxb6 Rb8 17.a5 f5 18.Bh2 g5 19.f4 Ng6 20.Bd3 gxf4 21.exf4 Bd4+ 22.Kh1 Qh4
23.Qf3 Na8 24.Nxc8 Rbxc8 25.Bxa6 Rb8 26.Bg3 Qd8 27.Re2 Nh4 28.Qd3 Nc7 29.Bc4 Qf6
30.Bf2 Ng6 31.Qg3 Kh8 32.a6 Rg8 33.a7 Ra8 34.Ra2 Ne7 35.Qh4 Qxh4 36.Bxh4 Ng6
37.Bg5 Rge8 38.Nb5 Nxb5 39.Rxe8+  1-0

[Event "VMCG IM 2014"]
[Site "Lueneburg GER"]
[Date "2014.08.16"]
[Round "8.2"]
[White "Van Heirzeele,D"]
[Black "Simantsev,M"]
[Result "1/2-1/2"]
[WhiteElo "2085"]
[BlackElo "2448"]

1.d4 Nf6 2.c4 c5 3.d5 e6 4.Nc3 exd5 5.cxd5 d6 6.Nf3 g6 7.Bf4 a6 8.Nd2 Nh5
9.Qa4+ b5 10.Nxb5 axb5 11.Qxa8 Qc7 12.e3 c4 13.a4 Nxf4 14.exf4 Bg7 15.axb5 O-O  1/2-1/2

[Event "Stockholm Open 2014"]
[Site "Stockholm SWE"]
[Date "2014.08.24"]
[Round "9.4"]
[White "Lissang,C"]
[Black "Soderberg,P"]
[Result "1-0"]
[WhiteElo "2245"]
[BlackElo "2187"]

1.d4 Nf6 2.c4 e6 3.Nf3 c5 4.d5 d6 5.Nc3 exd5 6.cxd5 g6 7.Bf4 Bg7 8.Qa4+ Bd7
9.Qb3 Qc7 10.e4 Nh5 11.Be3 O-O 12.Nd2 Na6 13.Be2 Nf6 14.h3 Rab8 15.O-O b5
16.Nxb5 Bxb5 17.Bxb5 Nb4 18.Qa4 Nc2 19.Qxc2 Rxb5 20.Nc4 Rfb8 21.Bf4 Ne8 22.Rab1 Qd8
23.Rfe1 Qf6 24.Bg3 Qd8 25.b3 Bd4 26.Rbd1 f6 27.Kh1 R8b7 28.f4 Rb4 29.Re2 Kg7
30.Be1 R4b5 31.Na3 R5b6 32.Ba5 Nc7 33.Bxb6 axb6 34.Qd3 f5 35.exf5 Nxd5 36.Qf3 Re7
37.Re6 Rxe6 38.fxe6 Ne3 39.Re1 Nf5 40.Qb7+ Ne7 41.Nb5 Bf6 42.Qd7 Qa8 43.Nxd6 Bh4
44.f5 Qf8 45.Rf1 Kh6 46.Nf7+ Kg7 47.fxg6 hxg6 48.Qd2 Ng8 49.Rf3 Qa8 50.Qf4 Bf6
51.Nd6 Qc6 52.e7 Bxe7 53.Qf7+ Kh6 54.Nc4  1-0

[Event "ch-AUT 2014"]
[Site "Feistritz an der Drau AUT"]
[Date "2014.08.29"]
[Round "7.3"]
[White "Shengelia,D"]
[Black "Danner,G"]
[Result "1/2-1/2"]
[WhiteElo "2556"]
[BlackElo "2335"]

1.d4 Nf6 2.c4 e6 3.Nf3 c5 4.d5 exd5 5.cxd5 d6 6.Nc3 g6 7.Bf4 Bg7 8.Qa4+ Bd7
9.Qb3 Qc7 10.e3 O-O 11.Bc4 Nh5 12.Bg5 Bf6 13.h4 Na6 14.Ne4 Bg7 15.O-O Rfe8
16.Ng3 Nxg3 17.fxg3 Rab8 18.a4 Nb4 19.Nd2 a6 20.Bf6 Bh6 21.Rf4 b5 22.axb5 axb5
23.Be2 Bf5 24.Raf1 Rxe3 25.Qxe3 Nxd5 26.Qf3 Nxf6 27.Rxf5 gxf5 28.Qxf5 Bg7
29.g4 Qe7 30.g5 Qxe2 31.gxf6 Qxd2 32.fxg7 Qd4+ 33.Kh1 Qxh4+ 34.Kg1 Qe7 35.Rf3  1/2-1/2

[Event "ch-AUT 2014"]
[Site "Feistritz an der Drau AUT"]
[Date "2014.08.29"]
[Round "7.6"]
[White "Hartl,D"]
[Black "Poetz,F"]
[Result "0-1"]
[WhiteElo "2290"]
[BlackElo "2427"]

1.d4 Nf6 2.c4 e6 3.Nf3 c5 4.d5 d6 5.Nc3 exd5 6.cxd5 g6 7.Bf4 Bg7 8.Qa4+ Bd7
9.Qb3 Qc7 10.e4 O-O 11.Nd2 Nh5 12.Be3 f5 13.exf5 gxf5 14.Be2 Be8 15.g4 fxg4
16.Bxg4 Nf4 17.Bxf4 Rxf4 18.Be6+ Kh8 19.Nce4 Nd7 20.Rg1 Ne5 21.O-O-O Bg6
22.Rde1 c4 23.Qe3 Raf8 24.Kb1 b5 25.Rg3 Bh6 26.Reg1 Rh4 27.Qc3 Bxd2 28.Rxg6 hxg6
29.Nxd2 Qg7  0-1

[Event "US Chess Masters 2014"]
[Site "Greensboro USA"]
[Date "2014.08.30"]
[Round "4.21"]
[White "Chandran,Kapil"]
[Black "Sarkar,J"]
[Result "1/2-1/2"]
[WhiteElo "2229"]
[BlackElo "2399"]

1.d4 Nf6 2.c4 e6 3.Nf3 c5 4.d5 exd5 5.cxd5 d6 6.Nc3 g6 7.Bf4 a6 8.a4 Bg7
9.h3 O-O 10.e3 Ne8 11.Be2 Nd7 12.O-O Ne5 13.Re1 Nxf3+ 14.Bxf3 Rb8 15.Be2 Qe7
16.Ra2 Be5 17.Bxe5 Qxe5 18.Qd2 Nc7 19.f4 Qg7 20.Bf3 f5 21.e4 Qd4+ 22.Qf2 fxe4
23.Rxe4 Qxf2+ 24.Kxf2 b5 25.axb5 Nxb5 26.Nxb5 Rxb5 27.Be2 Rb6 28.g4 h5 29.gxh5 Bxh3
30.hxg6 Bf5 31.Re3 Bb1 32.Rxa6 Rxa6 33.Bxa6 Rxf4+ 34.Ke2 Bxg6 35.Re6 Re4+
36.Rxe4 Bxe4 37.Bb7 Kg7 38.Kd2 Kf6 39.Kc3 Ke5 40.Kc4 Bg2 41.Bc6  1/2-1/2

[Event "ch-AUT 2014"]
[Site "Feistritz an der Drau AUT"]
[Date "2014.08.31"]
[Round "9.2"]
[White "Diermair,A"]
[Black "Poetz,F"]
[Result "1/2-1/2"]
[WhiteElo "2447"]
[BlackElo "2427"]

1.d4 Nf6 2.c4 e6 3.Nf3 c5 4.d5 d6 5.Nc3 exd5 6.cxd5 g6 7.Bf4 a6 8.a4 Bg7
9.h3 O-O 10.e3 Ne8 11.a5 Nd7 12.Be2 Rb8 13.O-O b5 14.axb6 Rxb6 15.Qc2 Qe7
16.Nd2 Ne5 17.Bxe5 Bxe5 18.Nc4 Rb4 19.Nxe5 Qxe5 20.Bxa6 Bxa6 21.Rxa6 Nc7
22.Rc6 Nxd5 23.Qd3 Nxc3 24.bxc3 Rb3 25.Rc1 Rd8 26.Qc4 Rdb8 27.Qd3 R3b6 28.Rxb6 Rxb6
29.c4 Kg7 30.g3 h5  1/2-1/2

[Event "TCh-SRB Premier w 2014"]
[Site "Palic SRB"]
[Date "2014.09.03"]
[Round "5.1"]
[White "Rakic,Ma"]
[Black "Vuckovic,J"]
[Result "1-0"]
[WhiteElo "2323"]
[BlackElo "1888"]

1.d4 c5 2.d5 Nf6 3.Nf3 e6 4.c4 exd5 5.cxd5 d6 6.Nc3 g6 7.Nd2 Nbd7 8.e4 Bg7
9.Be2 O-O 10.O-O Re8 11.a4 a6 12.Ra3 Ne5 13.Qc2 g5 14.Nd1 h6 15.Ne3 Bd7 16.a5 Ng6
17.g3 g4 18.Ndc4 Bf8 19.Nb6 Rb8 20.Nxd7 Qxd7 21.f3 gxf3 22.Bxf3 Nh7 23.Nf5 Ng5
24.Bg2 Ne7 25.Ne3 Bg7 26.h4 Nh7 27.Kh2 Nf6 28.Bh3 Qd8 29.Nf5 Nxf5 30.Bxf5 h5
31.Bg5 Qc7 32.Bxf6 Bxf6 33.Qe2 Be5 34.Qxh5 f6 35.Be6+ Kf8 36.Raf3 Qg7 37.Kh3 Ke7
38.Bg4 Kd8 39.b3 Kc7 40.Rc1 Rh8 41.Qf5 b5 42.axb6+ Rxb6 43.Rcf1 Rbb8 44.Rd3 Rh6
45.Qf2 Rbh8 46.Bf5 Qg5 47.Qe1 Kb7 48.Rdf3 Qg7 49.b4 Qc7 50.bxc5 Qxc5 51.Qd2 Rc8
52.Qxh6  1-0

[Event "TCh-SRB Premier 2014"]
[Site "Palic SRB"]
[Date "2014.09.03"]
[Round "5.2"]
[White "Antic,De"]
[Black "Boskovic,D"]
[Result "1/2-1/2"]
[WhiteElo "2485"]
[BlackElo "2438"]

1.d4 Nf6 2.c4 c5 3.d5 e6 4.Nc3 exd5 5.cxd5 d6 6.Nf3 g6 7.g3 Bg7 8.Bg2 O-O
9.O-O Re8 10.Bf4 Ne4 11.Nxe4 Rxe4 12.Nd2 Rxf4 13.gxf4 Bxb2 14.Rb1 Bg7 15.e4 Nd7
16.Re1  1/2-1/2

[Event "TCh-POL 1st League 2014"]
[Site "Poronin POL"]
[Date "2014.09.04"]
[Round "6.2"]
[White "Stachowiak,K"]
[Black "Warakomski,T"]
[Result "1/2-1/2"]
[WhiteElo "2442"]
[BlackElo "2476"]

1.d4 Nf6 2.c4 e6 3.Nf3 c5 4.d5 exd5 5.cxd5 d6 6.Nc3 a6 7.a4 g6 8.h3 Bg7 9.e4 O-O
10.Bd3 Re8 11.O-O Nbd7 12.Re1 Nh5 13.Bg5 Qc7 14.Qd2 Ne5 15.Be2 Nf6 16.Nxe5 Rxe5
17.Bf1 Bd7 18.f4 Rxg5 19.fxg5 Nh5 20.g4 Bd4+ 21.Kg2 Ng7 22.e5 dxe5 23.Ne4 Ne8
24.Ra3 Qd8 25.b4 cxb4 26.Qxb4 a5 27.Qb1 b6 28.Rc1 Bc8 29.Bb5 Bb7 30.Bc6 Bxc6
31.dxc6 Nc7 32.Rf3 Ne6 33.Qb3 Rc8 34.Rcf1 Nf4+ 35.Rxf4 exf4 36.Rd1 Rxc6 37.Qd3 Qa8
38.Qxd4 Rd6 39.Qxd6 Qxe4+ 40.Kf1 Qf3+  1/2-1/2

[Event "Istanbul Open 2014"]
[Site "Istanbul TUR"]
[Date "2014.09.05"]
[Round "6.5"]
[White "Nasri,A"]
[Black "Haj Bakkor,M"]
[Result "1-0"]
[WhiteElo "2311"]
[BlackElo "2119"]

1.d4 Nf6 2.c4 c5 3.d5 e6 4.Nc3 exd5 5.cxd5 d6 6.Nf3 g6 7.Nd2 Na6 8.e4 Nc7
9.Be2 Bg7 10.O-O O-O 11.a4 b6 12.f3 Re8 13.Nc4 Ba6 14.Ra3 Nh5 15.g4 Nf6 16.Bf4 Bf8
17.Qd2 Bxc4 18.Bxc4 Nd7 19.h3 Ne5 20.Be2 a6 21.Be3 Bg7 22.f4 Nd7 23.e5 dxe5
24.f5 Rf8 25.Ne4 gxf5 26.Rxf5 f6 27.Bc4 b5 28.axb5 axb5 29.d6+ bxc4 30.dxc7 Qxc7
31.Rxa8  1-0

[Event "TCh-SRB Premier 2014"]
[Site "Palic SRB"]
[Date "2014.09.05"]
[Round "7.4"]
[White "Dimic,P"]
[Black "Kovacevic,A"]
[Result "0-1"]
[WhiteElo "2198"]
[BlackElo "2540"]

1.d4 Nf6 2.Nf3 e6 3.c4 c5 4.d5 d6 5.Nc3 exd5 6.cxd5 g6 7.Bf4 a6 8.a4 Bg7
9.h3 O-O 10.e3 Ne8 11.Nd2 Nd7 12.Be2 Ne5 13.O-O b6 14.Bh2 f5 15.Qc2 Nc7 16.Rad1 Rb8
17.f4 Nf7 18.Bf3 b5 19.Rfe1 Bb7 20.axb5 axb5 21.b4 cxb4 22.Na2 Nxd5 23.Bxd5 Bxd5
24.Nxb4 Rc8 25.Qb1 Ba8 26.e4 Bc3 27.Na2 Bxe4 28.Qxb5 Bc6 29.Qd3 Bg7 30.Kh1 Qa5
31.Nc1 Ba4 32.Ndb3 Qb4 33.Qd5 Rc2 34.Rg1 Rb8 35.Rd3 Bc6 36.Na2 Qb7  0-1

[Event "TCh-POL Ekstraliga 2014"]
[Site "Wroclaw POL"]
[Date "2014.09.05"]
[Round "4.4"]
[White "Dziuba,M"]
[Black "Maksimenko,An"]
[Result "1-0"]
[WhiteElo "2570"]
[BlackElo "2507"]

1.d4 Nf6 2.c4 e6 3.Nf3 c5 4.d5 exd5 5.cxd5 d6 6.Nc3 g6 7.Bf4 Bg7 8.Qa4+ Bd7
9.Qb3 Qc7 10.e4 O-O 11.Nd2 Nh5 12.Be3 f5 13.exf5 Bxf5 14.Be2 Nf6 15.h3 Na6
16.g4 Bd7 17.O-O Rab8 18.a4 Nb4 19.f3 a6 20.Nde4 Nxe4 21.Nxe4 b5 22.a5 Rbe8
23.Kg2 h5 24.Rfc1 hxg4 25.hxg4 Bxg4 26.Qxb4 cxb4 27.Rxc7 Rxe4 28.fxe4 Bxe2
29.Re1 Bf3+ 30.Kh3 Bxb2 31.Rc6 Be5 32.Rxa6 Bxe4 33.Rb6 Bc3 34.Rg1 Rf3+ 35.Rg3 Rxg3+
36.Kxg3 b3 37.a6 b2 38.Rxb5 Bxd5 39.a7 Bh1 40.Kf2 Kf7 41.Ke2 Be4 42.Bf2 Ke6
43.Ke3 Bc6 44.Rb8 g5 45.Kd3 Be5 46.Bd4 g4 47.Bxb2 Bxb2 48.Rxb2 g3 49.Ke3 Ke5
50.Rb8 d5  1-0

[Event "Istanbul Open 2014"]
[Site "Istanbul TUR"]
[Date "2014.09.07"]
[Round "9.8"]
[White "Garabetyan,A"]
[Black "Akhras,K"]
[Result "1-0"]
[WhiteElo "2079"]
[BlackElo "2244"]

1.d4 Nf6 2.c4 e6 3.Nf3 c5 4.d5 d6 5.Nc3 exd5 6.cxd5 g6 7.Bf4 Bg7 8.Qa4+ Bd7
9.Qb3 Qc7 10.e4 O-O 11.Be2 Nh5 12.Be3 Bg4 13.h3 Bxf3 14.Bxf3 Nd7 15.g4 Nhf6
16.Be2 Rfe8 17.f3 a6 18.a4 h5 19.O-O hxg4 20.hxg4 Nh7 21.Kg2 Bd4 22.Nd1 f5
23.Bxd4 cxd4 24.Nf2 fxe4 25.Nxe4 Nc5 26.Qc2 Qe7 27.Ng3 Nf8 28.b4 Ncd7 29.Rad1 Rac8
30.Qd2 Qe3 31.Qxd4 Rc2 32.Rf2 a5 33.Qxe3 Rxe3 34.Bb5 Rxf2+ 35.Kxf2 Ra3 36.bxa5 Ne5
37.Be2 Rxa4 38.Rb1 Rxa5 39.Rxb7 g5 40.Ne4 Nf7 41.Nf6+ Kg7 42.Nh5+ Kg8 43.Nf6+ Kg7
44.Ne8+ Kg8 45.Bd3 Ra2+ 46.Kg3 Ne5 47.Nf6+ Kh8 48.Be4 Ra8 49.Rc7 Rd8 50.Bf5 Ra8
51.Rc8 Rxc8 52.Bxc8 Nfg6 53.Ne4 Nf7 54.Be6 Nge5 55.Kf2 Kg7 56.Ke3 Nc4+ 57.Kf2 Nce5
58.Bxf7 Nxf7 59.Ke3 Kg6 60.Kf2 Ne5 61.Nxd6 Nd3+ 62.Ke3 Nb4 63.Kd4 Nc2+ 64.Ke4  1-0

[Event "9th Mediterranean Cup"]
[Site "Chania GRE"]
[Date "2014.09.09"]
[Round "9.10"]
[White "Pavlidou,E"]
[Black "Kalogeris,I"]
[Result "1/2-1/2"]
[WhiteElo "2180"]
[BlackElo "2066"]

1.d4 Nf6 2.c4 c5 3.d5 e6 4.Nc3 exd5 5.cxd5 d6 6.Nf3 g6 7.Bf4 a6 8.a4 Bg7
9.h3 O-O 10.e3 Nbd7 11.Bxd6 Re8 12.Bh2 Ne4 13.Nxe4 Rxe4 14.Ra2 Nb6 15.Nd2 Rb4
16.e4 f5 17.a5 Nd7 18.Bc4 b5 19.axb6 Nxb6 20.b3 Nxc4 21.bxc4 fxe4 22.O-O h5
23.Qe2 Bf5 24.Nxe4 Qe8 25.f3 Bd4+ 26.Kh1 Kg7 27.Bg1 Qe5 28.Rd1 Bxe4 29.fxe4 Bxg1
30.Kxg1 a5 31.d6 a4 32.Qd3 Rd8 33.h4 Rd7 34.Rf2 Rb6 35.Qf3 Rb8 36.Rd5 Rb1+
37.Rf1 Rxf1+ 38.Kxf1 Qa1+ 39.Rd1 Qb2 40.Qh3 Qf6+ 41.Ke2 Rxd6 42.Rxd6 Qxd6
43.Qa3 Qd4 44.Qxa4 Qxe4+ 45.Kf1 Qd3+ 46.Kf2 Qd2+ 47.Kg3 Qe3+ 48.Kh2 Qe5+
49.g3 Kf6 50.Qc6+  1/2-1/2

[Event "TCh-SRB Premier w 2014"]
[Site "Palic SRB"]
[Date "2014.09.09"]
[Round "11.2"]
[White "Petrenko,S"]
[Black "Zhukova,N"]
[Result "1/2-1/2"]
[WhiteElo "2205"]
[BlackElo "2468"]

1.d4 Nf6 2.c4 e6 3.Nf3 c5 4.d5 exd5 5.cxd5 d6 6.Nc3 g6 7.e4 Bg7 8.Bd3 a6
9.a4 Nbd7 10.h3 Nh5 11.Bg5 Bf6 12.Be3 Bg7 13.Bg5 Bf6 14.Be3 Bg7 15.Bg5  1/2-1/2